Insurance Principles and Practice (Record no. 1745)

MARC details
000 -LEADER
fixed length control field 00421nam a22001697a 4500
005 - DATE AND TIME OF LATEST TRANSACTION
control field 20160525163625.0
008 - FIXED-LENGTH DATA ELEMENTS--GENERAL INFORMATION
fixed length control field 160525b xxu||||| |||| 00| 0 eng d
020 ## - INTERNATIONAL STANDARD BOOK NUMBER
ISBN 81-219-1021-8
041 ## - LANGUAGE CODE
Language code of text/sound track or separate title eng
082 ## - DEWEY DECIMAL CLASSIFICATION NUMBER
Item number 4980
100 ## - MAIN ENTRY--AUTHOR NAME
Personal name Mishra, M.N. and others
245 ## - TITLE STATEMENT
Title Insurance Principles and Practice
260 ## - PUBLICATION, DISTRIBUTION, ETC. (IMPRINT)
Place of publication New Delhi
Name of publisher Academic Faundation
300 ## - PHYSICAL DESCRIPTION
Number of Pages 797
650 ## - SUBJECT ADDED ENTRY--TOPICAL TERM
Topical Term Management
942 ## - ADDED ENTRY ELEMENTS (KOHA)
Koha item type Books
Holdings
Lost status Damaged status Collection code Home library Current library Shelving location Date acquired Source of acquisition Cost, normal purchase price Full call number Accession Number Koha item type
    MANAGEMENT JRU Library JRU Library SHELF-61-K 25/05/2016 PURCHASE 275.00 4980 4980 Books
    MANAGEMENT JRU Library JRU Library SHELF-61-K 25/05/2016   275.00 4980 4981 Books
    MANAGEMENT JRU Library JRU Library SHELF-61-K 25/05/2016 PURCHASE 275.00 4980 4982 Books
    MANAGEMENT JRU Library JRU Library SHELF-61-K 25/05/2016 PURCHASE 275.00 4980 4983 Books
    Reference JRU Library   SHELF-30-A 25/05/2016   275.00 4980 4984 Books
    MANAGEMENT JRU Library JRU Library SHELF-61-K 25/05/2016 PURCHASE 275.00 4980 4985 Books